000 00478nam a2200193Ia 4500
005 20221017114604.0
008 131103s9999 xx 000 0 und d
040 _aLoreto College
041 _aEnglish
082 _a153.1533
_bDEB
100 _aDe Bono, Edward
245 _aHow to be more interesting
_cEdward De Bono
260 _aLondon
_bPenguin
_c1998
300 _a291p
650 _aInterest(Psychology)
651 _aPsychology
850 _aLCLIB
942 _cBK
999 _c19337
_d69816